Tech Brands by Partial Logo - Statistics

General Stats
  • This quiz has been taken 118 times
  • The average score is 18 of 24
Answer Stats
Picture Answer % Correct
Apple
99%
Google
95%
LG
94%
Spotify
93%
Dell
92%
Xbox
92%
Reddit
90%
Samsung
90%
Firefox
88%
Nintendo
88%
PlayStation
88%
Sony
84%
Sega
83%
Panasonic
78%
Canon
73%
Oracle
67%
IBM
64%
Atari
60%
Toshiba
56%
Cisco
55%
Huawei
52%
Activision
42%
WeChat
33%
Fujitsu
23%
No matching quizzes found
Score Distribution
Percent of People with Each Score
Percentile by Number Answered
Your Score History
You have not taken this quiz